00249nam a2200109Ia 4500008004100000100001500041245001900056260002800075650001400103942000700117999001500124190216s9999||||xx |||||||||||||| ||und|| aAlak Ghosh 0aIndian Economy bThe World Press Pvt Ltd aEconomics cBK c9087d9087